250126 - Quiz quotidien du 26 janvier 2025 - Statistiques

Statistiques générales
  • Ce quiz a été pris 18 fois
  • Le résultat moyen est 4 sur 10
Statistiques - réponses
Question Réponse % Correct
De quelle couleur sont les œufs des émeus ? Bleu pâle
100%
Quelle pierre précieuse l'Australie est-elle connue pour ? Opales
100%
Quel pays a parmi ses nombreuses créatures venimeuses le platypus, la méduse-boîte et le taipan côtier ? Australie
50%
Lequel de ces surnoms n'est pas un surnom de l'Australie ? L'expansion du Sud
50%
En Australie, quel est le mot d'argot pour "femme" ? Sheila
50%
Lequel de ces acteurs n'est pas australien ? Andrew Garfield
0%
Quelle ville australienne doit accueillir les Jeux Olympiques d'été en 2032 ? Brisbane
0%
Quel pays a un territoire situé à seulement 4 km de l'Australie ? Papouasie-Nouvelle-Guinée
0%
Une personne de Sydney est appelée un(e) ... Sydneysider
0%
Quel est l'état australien le plus froid en moyenne ? Tasmanie
0%
Aucun quiz correspondant
Distribution des résultats
% des personnes avec chaque résultat
Percentile par nombre de réponses
Votre historique - résultats
Vous n’avez pas pris ce quiz